{"text_format":"3","workbook":"xlsx","n_sheets":2,"sheets":["list","data"],"not_rendered":{"defined_names":1,"comments":1},"read":"whole","date_system":"1900"}

{"sheet":"list","index":0,"n_rows":49,"n_cols":17,"rows_kept":49}
["№","СНИЛС","Фамлия","Имя","Отчество","Пол","Дата рождения","Участник с ОВЗ","Класс","Класс участия","Балл","Макс. Балл","Статус","Призер МЭ прошлого года","Учитель","Место работы учителя","Направление, вид практики  по технологии"]
[1,2,3,4,5,6,7,8,9,10,11,12,13,14,15,16,17]
[1,"18559187023","Николаев ","Кирилл ","Павлович ","М","2014-11-04","нет",5,5,12.2,25,"участник",null,"Ахметзянова Рамиля Асгатовна","Муниципальное бюджетное общеобразовательное учреждение \"Средняя общеобразовательная школа №3\" г.Набережные Челны Республики Татарстан"]
[2,"18143491972","Якупов","Расул ","Рустамович ","М","2014-05-13","нет",5,5,15.4,25,"призер",null,"Ахметзянова Рамиля Асгатовна","Муниципальное бюджетное общеобразовательное учреждение \"Средняя общеобразовательная школа №3\" г.Набережные Челны Республики Татарстан"]
[3,"17977879276","Абрамова "," Елизавета "," Максимовна","Ж","2014-01-10","нет",5,5,19,25,"победитель",null,"Ахметзянова Рамиля Асгатовна","Муниципальное бюджетное общеобразовательное учреждение \"Средняя общеобразовательная школа №3\" г.Набережные Челны Республики Татарстан"]
[4,"18279015288","Толстошеев "," Дамир "," Вячеславович","М","2014-07-22","нет",5,5,10.8,25,"участник",null,"Ахметзянова Рамиля Асгатовна","Муниципальное бюджетное общеобразовательное учреждение \"Средняя общеобразовательная школа №3\" г.Набережные Челны Республики Татарстан"]
[5,18065502057,"Закирова ","Ландыш ","Рамилевна","Ж","2014-03-20","нет",5,5,13.2,25,"участник",null,"Ахметзянова Рамиля Асгатовна","Муниципальное бюджетное общеобразовательное учреждение \"Средняя общеобразовательная школа №3\" г.Набережные Челны Республики Татарстан"]
[6,"18019256765","Захаров","Самир","Александрович","М","2014-02-07","нет",5,5,17.2,25,"призер",null,"Ахметзянова Рамиля Асгатовна","Муниципальное бюджетное общеобразовательное учреждение \"Средняя общеобразовательная школа №3\" г.Набережные Челны Республики Татарстан"]
[7,18029768091,"Халиуллина","Замира ","Радиковна","Ж","2014-02-16","нет",5,5,18,25,"призер",null,"Ахметзянова Рамиля Асгатовна","Муниципальное бюджетное общеобразовательное учреждение \"Средняя общеобразовательная школа №3\" г.Набережные Челны Республики Татарстан"]
[8,"18092013752","Леонтьев ","Азат","Алмазович","М","2014-04-01","нет",5,5,13.8,25,"участник",null,"Ахметзянова Рамиля Асгатовна","Муниципальное бюджетное общеобразовательное учреждение \"Средняя общеобразовательная школа №3\" г.Набережные Челны Республики Татарстан"]
[9,"174-606-993 00","Юлдашев ","Асланбек ","Тожидинович","м","2012-11-11","нет",6,6,6,25,"участник",null,"Ахметзянова Рамиля Асгатовна","Муниципальное бюджетное общеобразовательное учреждение \"Средняя общеобразовательная школа №3\" г.Набережные Челны Республики Татарстан"]
[10,17712191769,"Хабирова","Карина ","Юнусовна","ж","2013-06-12","нет",6,6,13.2,25,"участник",null,"Ахметзянова Рамиля Асгатовна","Муниципальное бюджетное общеобразовательное учреждение \"Средняя общеобразовательная школа №3\" г.Набережные Челны Республики Татарстан"]
[11,17983359539,"Ишметова","Айзиля","Алмазовна","ж","2014-01-15","нет",6,6,22.4,25,"победитель",null,"Ахметзянова Рамиля Асгатовна","Муниципальное бюджетное общеобразовательное учреждение \"Средняя общеобразовательная школа №3\" г.Набережные Челны Республики Татарстан"]
[12,17142407035,"Гилмутдинов","Инсаф","Анварович","М","2012-03-26","нет",7,7,17.9,30,"участник",null,"Ахметзянова Рамиля Асгатовна","Муниципальное бюджетное общеобразовательное учреждение \"Средняя общеобразовательная школа №3\" г.Набережные Челны Республики Татарстан"]
[13,"17217062041","Захарова"," Эвелина","Александровна","Ж","2012-05-18","нет",7,7,13.9,30,"участник",null,"Ахметзянова Рамиля Асгатовна","Муниципальное бюджетное общеобразовательное учреждение \"Средняя общеобразовательная школа №3\" г.Набережные Челны Республики Татарстан"]
[14,17491197803,"Ахметгалиев","Ислам","Разимович","М","2012-12-14","нет",7,7,20.4,30,"призер",null,"Ахметзянова Рамиля Асгатовна","Муниципальное бюджетное общеобразовательное учреждение \"Средняя общеобразовательная школа №3\" г.Набережные Челны Республики Татарстан"]
[15,"174-967-806 33","Шамсиева","Карина","Рустемовна","ж","2012-12-23","нет",7,7,19.5,30,"призер",null,"Ахметзянова Рамиля Асгатовна","Муниципальное бюджетное общеобразовательное учреждение \"Средняя общеобразовательная школа №3\" г.Набережные Челны Республики Татарстан"]
[16,17407897000,"Фархутдинов ","Ильяс","Ильдарович","М","2012-10-10","нет",7,7,14.5,30,"участник",null,"Ахметзянова Рамиля Асгатовна","Муниципальное бюджетное общеобразовательное учреждение \"Средняя общеобразовательная школа №3\" г.Набережные Челны Республики Татарстан"]
[17,17397380918,"Муллаянов ","Радмир","Альбертович","М","2012-10-01","нет",7,7,9.7,30,"участник",null,"Ахметзянова Рамиля Асгатовна","Муниципальное бюджетное общеобразовательное учреждение \"Средняя общеобразовательная школа №3\" г.Набережные Челны Республики Татарстан"]
[18,17367536400,"Салюкова","Алеся","Семеновна","Ж","2012-09-11","нет",7,7,16.2,30,"участник",null,"Ахметзянова Рамиля Асгатовна","Муниципальное бюджетное общеобразовательное учреждение \"Средняя общеобразовательная школа №3\" г.Набережные Челны Республики Татарстан"]
[19,17164264768,"Лемасов","Дмитрий","Максимович","М","2012-04-09","нет",7,7,12.8,30,"участник",null,"Ахметзянова Рамиля Асгатовна","Муниципальное бюджетное общеобразовательное учреждение \"Средняя общеобразовательная школа №3\" г.Набережные Челны Республики Татарстан"]
[20,17447527596,"Файзуллин","Лия","Ренатовна","Ж","2012-11-09","нет",7,7,14.9,30,"участник",null,"Ахметзянова Рамиля Асгатовна","Муниципальное бюджетное общеобразовательное учреждение \"Средняя общеобразовательная школа №3\" г.Набережные Челны Республики Татарстан"]
[21,17449487216,"Смаль","Киилл","Артемович","М","2012-11-13","нет",7,7,11.5,30,"участник",null,"Ахметзянова Рамиля Асгатовна","Муниципальное бюджетное общеобразовательное учреждение \"Средняя общеобразовательная школа №3\" г.Набережные Челны Республики Татарстан"]
[22,17494140991,"Валиуллина","Амелия","Ильдаровна","Ж","2012-12-20","нет",7,7,19,30,"призер",null,"Ахметзянова Рамиля Асгатовна","Муниципальное бюджетное общеобразовательное учреждение \"Средняя общеобразовательная школа №3\" г.Набережные Челны Республики Татарстан"]
[23,17380711268,"Смагина","Елизавета","Алексеевна","Ж","2012-09-25","нет",7,7,12.8,30,"призер",null,"Ахметзянова Рамиля Асгатовна","Муниципальное бюджетное общеобразовательное учреждение \"Средняя общеобразовательная школа №3\" г.Набережные Челны Республики Татарстан"]
[24,17434173869,"Евстафьева","Лидия","Геннадьевна","Ж","2012-10-23","нет",7,7,21.4,30,"победитель",null,"Ахметзянова Рамиля Асгатовна","Муниципальное бюджетное общеобразовательное учреждение \"Средняя общеобразовательная школа №3\" г.Набережные Челны Республики Татарстан"]
[25,16912453880,"Минсагирова ","Зарина ","Рафисовна","ж","2011-10-28","нет",8,8,21.7,33,"победитель",null,"Ахметзянова Рамиля Асгатовна","Муниципальное бюджетное общеобразовательное учреждение \"Средняя общеобразовательная школа №3\" г.Набережные Челны Республики Татарстан"]
[26,16741464682,"Галимова  ","Агиля","Ильгизаровна","ж","2011-07-12","нет",8,8,10.6,33,"участник",null,"Ахметзянова Рамиля Асгатовна","Муниципальное бюджетное общеобразовательное учреждение \"Средняя общеобразовательная школа №3\" г.Набережные Челны Республики Татарстан"]
[27,"17916120679","Шагалиев","Алмаз ","Ильдарович","М","2011-01-28","нет",8,8,20.3,33,"призер",null,"Ахметзянова Рамиля Асгатовна","Муниципальное бюджетное общеобразовательное учреждение \"Средняя общеобразовательная школа №3\" г.Набережные Челны Республики Татарстан"]
[28,"16606234558","Исмагилова","Камиль","Ленарович","М","2011-05-05","нет",8,8,16.3,33,"участник",null,"Ахметзянова Рамиля Асгатовна","Муниципальное бюджетное общеобразовательное учреждение \"Средняя общеобразовательная школа №3\" г.Набережные Челны Республики Татарстан"]
[29,"16761092279","Фархутдинова ","Чулпан ","Фидаиловна","Ж","2011-07-08","нет",8,8,17.4,33,"призер"]
[30,"15848142088","Фаррахова","Алсу","Алмазовна","Ж","2010-02-18","нет",9,9,31,56,"призер",null,"Ахметзянова Рамиля Асгатовна","Муниципальное бюджетное общеобразовательное учреждение \"Средняя общеобразовательная школа №3\" г.Набережные Челны Республики Татарстан"]
[32,"17562506481","Хамидуллина ","Илюза","Ильшатовна ","М","2010-06-21","нет",9,9,32.2,56,"призер",null,"Ахметзянова Рамиля Асгатовна","Муниципальное бюджетное общеобразовательное учреждение \"Средняя общеобразовательная школа №3\" г.Набережные Челны Республики Татарстан"]
[33,15745196897,"Борисова","Азалия","Вячеславовна","ж","2009-12-09","нет",9,9,20.6,56,"участник",null,"Ахметзянова Рамиля Асгатовна","Муниципальное бюджетное общеобразовательное учреждение \"Средняя общеобразовательная школа №3\" г.Набережные Челны Республики Татарстан"]
[34,16767686035,"Сыркина","Азалия ","Алексеевна","ж","2009-10-30","нет",9,9,28.2,56,"участник",null,"Ахметзянова Рамиля Асгатовна","Муниципальное бюджетное общеобразовательное учреждение \"Средняя общеобразовательная школа №3\" г.Набережные Челны Республики Татарстан"]
[35,"16288145403","Шавалиева","Ралина","Радиковна","Ж","2010-12-11","нет",9,9,25,56,"участник",null,"Ахметзянова Рамиля Асгатовна","Муниципальное бюджетное общеобразовательное учреждение \"Средняя общеобразовательная школа №3\" г.Набережные Челны Республики Татарстан"]
[36,17551445577,"Фазлетдинова","Ясмина","Камиловна","ж","2010-11-22","нет",9,9,18.7,56,"участник",null,"Ахметзянова Рамиля Асгатовна","Муниципальное бюджетное общеобразовательное учреждение \"Средняя общеобразовательная школа №3\" г.Набережные Челны Республики Татарстан"]
[37,15943977323,"Муллаянова","Аделина","Альбертовна","Ж","2010-04-13","нет",9,9,10.4,56,"участник",null,"Ахметзянова Рамиля Асгатовна","Муниципальное бюджетное общеобразовательное учреждение \"Средняя общеобразовательная школа №3\" г.Набережные Челны Республики Татарстан"]
[38,17897810346,"Сибгатуллина ","Эвелина ","Радиковна","Ж","2010-04-18","нет",9,9,35,56,"победитель",null,"Ахметзянова Рамиля Асгатовна","Муниципальное бюджетное общеобразовательное учреждение \"Средняя общеобразовательная школа №3\" г.Набережные Челны Республики Татарстан"]
[39,"172-241-194 39","Сулейманов ","Данияр","Маратович","М","2010-04-13","нет",9,9,28.6,56,"призер",null,"Ахметзянова Рамиля Асгатовна","Муниципальное бюджетное общеобразовательное учреждение \"Средняя общеобразовательная школа №3\" г.Набережные Челны Республики Татарстан"]
[40,16022587743,"Фархутдинова","Разина","Ильдаровна","ж","2010-04-10","нет",9,9,25.5,56,"участник",null,"Ахметзянова Рамиля Асгатовна","Муниципальное бюджетное общеобразовательное учреждение \"Средняя общеобразовательная школа №3\" г.Набережные Челны Республики Татарстан"]
[41,17127330039,"Набиева ","Камилла ","Ренатовна","ж","2009-09-09","нет",10,10,45.8,63,"призер",null,"Ахметзянова Рамиля Асгатовна","Муниципальное бюджетное общеобразовательное учреждение \"Средняя общеобразовательная школа №3\" г.Набережные Челны Республики Татарстан"]
[42,17201496846,"Шамсиев","Тимур","Рустемович","м","2009-05-11","нет",10,10,37.8,63,"участник",null,"Ахметзянова Рамиля Асгатовна","Муниципальное бюджетное общеобразовательное учреждение \"Средняя общеобразовательная школа №3\" г.Набережные Челны Республики Татарстан"]
[43,"172-601-262 38"," Халикова ","Валерия","Дмитриевна","ж","2009-02-05","нет",10,10,45,63,"участник",null,"Ахметзянова Рамиля Асгатовна","Муниципальное бюджетное общеобразовательное учреждение \"Средняя общеобразовательная школа №3\" г.Набережные Челны Республики Татарстан"]
[44,17260126440,"Ахметгалиев","Расим","Расихович","М","2009-05-10","нет",10,10,47.2,63,"победитель",null,"Ахметзянова Рамиля Асгатовна","Муниципальное бюджетное общеобразовательное учреждение \"Средняя общеобразовательная школа №3\" г.Набережные Челны Республики Татарстан"]
[45,17260126036,"Салюков","Тимофей","Семенович","М","2009-01-20","нет",10,10,23.5,63,"участник",null,"Ахметзянова Рамиля Асгатовна","Муниципальное бюджетное общеобразовательное учреждение \"Средняя общеобразовательная школа №3\" г.Набережные Челны Республики Татарстан"]
[46,15453119450,"Петрова ","Валерия"," Евгеньевна","Ж","2009-04-30","нет",10,10,44.6,63,"участник",null,"Ахметзянова Рамиля Асгатовна","Муниципальное бюджетное общеобразовательное учреждение \"Средняя общеобразовательная школа №3\" г.Набережные Челны Республики Татарстан"]
[47,17260128444,"Яхина","Лейла","Фанилевна","Ж","2009-03-18","нет",10,10,46.4,63,"призер",null,"Ахметзянова Рамиля Асгатовна","Муниципальное бюджетное общеобразовательное учреждение \"Средняя общеобразовательная школа №3\" г.Набережные Челны Республики Татарстан"]
[48,"15739242589","Салихова","Алина","Назиловна","Ж","2009-09-09","нет",10,10,45.8,63,"участник",null,"Ахметзянова Рамиля Асгатовна","Муниципальное бюджетное общеобразовательное учреждение \"Средняя общеобразовательная школа №3\" г.Набережные Челны Республики Татарстан"]

{"sheet":"data","index":1,"n_rows":25,"n_cols":4,"rows_kept":25}
[]
["Техника, технология и техническое творчество .  Ручная обработка древесины"]
["Техника, технология и техническое творчество .  Ручная обработка металла"]
["Техника, технология и техническое творчество .  Механическая обработка древесины"]
["Техника, технология и техническое творчество .  Механическая обработка металла"]
["Техника, технология и техническое творчество .  Электротехника"]
["Техника, технология и техническое творчество .  Робототехника"]
["Техника, технология и техническое творчество .  3d - моделирование и печать"]
["Техника, технология и техническое творчество .  Обработка материалов на лазерно-гравировальной машине"]
["Техника, технология и техническое творчество .  Промышленный дизайн"]
["Культура дома, дизайн и технологии .  Обработка швейного изделия или узла + моделирование швейных изделий"]
["Культура дома, дизайн и технологии .  Обработка швейного изделия или узла + моделирование швейных изделий с использованием графических редакторов"]
["Культура дома, дизайн и технологии .  Обработка швейного изделия или узла на швейно-вышивальном оборудовании + моделирование швейных изделий"]
["Культура дома, дизайн и технологии .  Обработка швейного изделия или узла на швейно-вышивальном оборудовании + моделирование швейных изделий с использованием графических редакторов"]
["Культура дома, дизайн и технологии .  Робототехника"]
["Культура дома, дизайн и технологии .  3d - моделирование и печать"]
["Культура дома, дизайн и технологии .  Обработка материалов на лазерно-гравировальной машине"]
["Культура дома, дизайн и технологии .  Промышленный дизайн"]
["Роботехника .  "]
["Информационная безопасность ."]
[]
[]
["участник"]
["призер",null,"да","да"]
["победитель",null,null,"нет"]